000 00316nam a2200145Ia 4500
100 _aVenkateswarlu/N.B
650 _aLinux Programming
942 _cBK
654 _aLinux Programming
245 _aLinux Programming Tools
260 _bBS Publication
_c2006
300 _a565
546 _aENGLISH
999 _c28211
_d28211